000 00296nam a22001337a 4500
008 170130b xxu||||| |||| 00| 0 eng d
020 _a0803616309
041 _aeng
080 _a61
100 _a3
101 _aSHMI
245 _aSOFT TISSUE PAIN AND DISABILITY
_cCAILLIET, R
942 _2udc
_cBK
999 _c3967
_d3967